Rethinking Of Central Park Urban Part Nashik City Breaking The Monotony (Record no. 364719)

MARC details
000 -LEADER
fixed length control field 00437nam a2200133Ia 4500
008 - FIXED-LENGTH DATA ELEMENTS--GENERAL INFORMATION
fixed length control field 250110s9999 xx 000 0 und d
041 ## - LANGUAGE CODE
Language code of text/sound track or separate title eng
100 ## - MAIN ENTRY--PERSONAL NAME
Personal name Bhandarkar Viijayanti
9 (RLIN) 211017
245 ## - TITLE STATEMENT
Title Rethinking Of Central Park Urban Part Nashik City Breaking The Monotony
260 ## - PUBLICATION, DISTRIBUTION, ETC. (IMPRINT)
Name of publisher, distributor, etc. BNCA M.Arch. Landscape Architecture
Date of publication, distribution, etc. 2021
300 ## - PHYSICAL DESCRIPTION
Extent 65p
500 ## - GENERAL NOTE
Keywords Landscape Architeture
700 ## - ADDED ENTRY--PERSONAL NAME
Personal name Guide Name:Sahasrtabuddhe Swati
9 (RLIN) 211018
Holdings
Withdrawn status Lost status Damaged status Not for loan Home library Current library Date acquired Total Checkouts Barcode Date last seen Bill Date Koha item type Original Barcode
        Dr. Bhanuben Nanavati College of Architecture Dr. Bhanuben Nanavati College of Architecture 09/11/2024   BNCA-PR-2219 10/01/2025 10/01/2025 Project Reports PR2219